000 00883nam#a2200289#a#4500
001 vtls000532824
003 NLI
005 20210603142309.0
008 110308s1953 ii 000 0beng
039 9 _y201103081828
_zDatasoft
040 0 _aNLI
_beng
_cRetro_DSC 1
_eAACR2
041 0 _aeng
044 _aii
082 0 4 _a92
100 1 _aMukherjee, Haridas
_9257065
245 1 0 _aBenoy Kumar Sarkar :
_ba study /
_cby Haridas Mukherjee ; with a foreword by Radha Kumud Mookerji
260 _aCalcutta :
_bDas Gupta,
_c1953
300 _axiii, 76 p. ;
_c18 cm.
500 _aLibrary has 2 cops.
600 1 0 _aSarkar, Benoy Kumar,
_d1887-1949
_9241497
650 0 _aScientists
_zIndia
_vBiography
_9332160
650 0 _aNationalists
_zIndia
_vBiography
_91520
887 _a
901 _aG23236
_b29.11.1972
_9c.2
902 _aE 92 Sa 73 mh
942 _2ddc
_cBKS
999 _aVIRTUA40
_c450077
_d450077